000 00459cam a22002051 4500
001 sa 63001732
003 DLC
005 20260227111929.0
008 881028s1962 xx 000 0 beno
010 _asa 63001732
035 _a(OCoLC)23536694
040 _aDLC
_cMiU
_dDLC
042 _apremarc
050 0 0 _aPK1718.B38
_bK8
100 1 _aBasu, Rana.
245 1 0 _aKuhelikā.
260 _c[1962]
300 _a83 p.
_c18 cm.
500 _aRomanized.
999 _c54103
_d54103